15 najbardziej dotkniętych krajów Covid-19 - 12 stycznia 2022 - Statystyki

Ogólne statystyki
  • Ten quiz został rozwiązany 41 razy
  • Średni wynik to 12 z 27
Statystyki odpowiedzi
kraj % Poprawnych
Polska
100%
Rosja
92%
Niemcy
89%
Francja
83%
Stany Zjednoczone
83%
Włochy
83%
Indie
75%
Brazylia
72%
Wielka Brytania
72%
Hiszpania
69%
Argentyna
50%
Turcja
42%
Indonezja
39%
Iran
39%
Belgia
33%
Holandia
33%
Czechy
31%
Irlandia
31%
Kolumbia
22%
Chorwacja
19%
Litwa
19%
Izrael
17%
Estonia
14%
Słowenia
11%
Szwajcaria
11%
Gruzja
6%
Cypr
3%
Nie znaleziono quizów pasujących do podanych kryteriów
Rozkład punktacji
Procent ludzi z każdym wynikiem
Percentyl według liczby udzielonych odpowiedzi
Twoja historia wyników
Nie rozwiązałeś tego quizu